| 000 | 00783nam a2200265 a 4500 | ||
|---|---|---|---|
| 001 | 71895 | ||
| 003 | BD-RjUL | ||
| 005 | 20211209082158.0 | ||
| 008 | 170509s1974 enka 000 0 eng d | ||
| 035 | _a(BD-RjUL)72111 | ||
| 040 |
_aDLC/ICU _cICU _dBD-RjUL _beng |
||
| 041 | _aeng | ||
| 082 |
_223 _a537.1 _bRAI 1974 |
||
| 100 |
_aRay,M. _9212654 |
||
| 245 | 1 | 3 |
_aAn Introduction To The Mathematical Theory Of Electricity And Magnetism / _cM.Ray S.P.Gupta ; S.S.Seth |
| 250 | _a2d ed. rev. enl. | ||
| 260 |
_aAgra : _bStudents Friend & Co, _cc1974. |
||
| 300 |
_a532 p. : _bill. ; _c20 cm. |
||
| 650 | 0 |
_aElectricity. _9212655 |
|
| 650 | 0 |
_aMagnetism. _9212656 |
|
| 700 |
_aGupta, S.P. _9212657 |
||
| 700 |
_aSeth, S.S. _9212658 |
||
| 942 |
_2ddc _cBK |
||
| 999 |
_c71895 _d71895 |
||